Errate den Phineas und Ferb Charakter - Statistiken

Allgemein
  • Dieses Quiz wurde 546 mal gespielt
  • Das Durchschnittsergebnis liegt bei 10 aus 31
Antwortstatistiken
Bildquiz Antwort % Korrekt
Ferb Fletcher
100%
Phineas Flynn
99%
Perry, das Schnabeltier
88%
Isabella Garcia-Shapiro
67%
Jeremy Johnson
60%
Vanessa Doofenshmirtz
60%
Candace Flynn
50%
Carl Karl
46%
Dr. Heinz Doofenshmirtz
44%
Stacy Hirano
42%
Buford Van Stomm
39%
Major Monogram
38%
Baljeet Rai
37%
Linda Flynn
35%
Meep
30%
Norm
27%
Ballony
25%
Roger Doofenshmirtz
15%
Lawrence Fletcher
14%
Suzy Johnson
11%
Monty Monogram
9%
Irving Du Bois
8%
Charlene Doofenshmirtz
7%
Gretchen
5%
Clyde Flynn
4%
Hildegard Johnson
4%
Betty Jo Flynn
3%
Mrs. Johnson
3%
Peggy McGee
3%
Reginald Fletcher
3%
Winifred Fletcher
2%
Keine übereinstimmenden Quizze gefunden
Verteilung der Resultate
Anzahl Personen mit jedem Resultat
Perzentil nach korrekt beantworteten Fragen
Ihre Resultats-Entwicklung
Sie haben dieses Quiz noch nicht gespielt